000 00610nam a2200181 i 4500
001 21638
003 ES-MaACL
005 20230906152523.0
007 t|
008 021126s1946 sp ||||1| spa d
100 1 _aAlcázar Anguita, Eufrasio.
_919534
245 1 0 _aElementos de Filosofía de la Educación /
_cpor Eufrasio Alcázar Anguita.
250 _a1ª ed.
260 _aMadrid :
_b[s.n.],
_c[1946 (
_fImp. de los Talleres Penitenciarios])
300 _a1 v. ;
_c22 cm.
505 8 _aContiene: V.I: Parte Primera: Preliminares. Metafísica general. Teodices.
852 _aES-MaACL
_j1861-F-5
_bR.23376
999 _c21638
_d21638